| 000 | 01367cam a22003371i 4500 | ||
|---|---|---|---|
| 003 | SA-RiAUC | ||
| 005 | 20251117132101.0 | ||
| 008 | 251114s1968 xx g 00000 ara c | ||
| 040 |
_aSA-MaUQU _bara _cSA-RiAUC _erda |
||
| 050 | 4 | _bT33 1968 | |
| 082 | 0 | 4 |
_a212 _qSA-RiAUC |
| 090 |
_a212 _bت ا د |
||
| 100 | 1 |
_aالتادفي، رشيد بن مصطفى بن راشد بن عبد القادر، _d1880-1989 _eمؤلف. |
|
| 245 | 1 | 0 |
_aترغيب الأغنياء في فضل السخاء وذم البخل / _cرشيد الراشد التادفي الحلبي بن مصطفى بن راشد. |
| 264 | 1 |
_a[مكان النشر غير محدد] : _bرشيد بن مصطفى بن راشد بن عبد القادر التادفي، _c1968 |
|
| 300 |
_a64 صفحة ؛ _c24 سم |
||
| 336 |
_aنص _btxt _2rdacontent _3كتاب |
||
| 337 |
_aبدون وسيط _bn _2rdamedia |
||
| 338 |
_aمجلد _bnc _2rdacarrier |
||
| 650 | 7 |
_aالإسلام والأثرياء _2aucsh |
|
| 650 | 7 |
_aالوعظ والإرشاد _2aucsh |
|
| 650 | 7 |
_aالأخلاق الإسلامية _2aucsh |
|
| 650 | 7 |
_aالكرم _2aucsh |
|
| 650 | 7 |
_aالصدقات _2aucsh |
|
| 650 | 7 |
_aالزكاة _2aucsh |
|
| 650 | 7 |
_aالبخل _2aucsh |
|
| 653 | _aالديانات | ||
| 899 | _aالنوادر | ||
| 942 |
_2ddc _cBOOK _n0 |
||
| 949 |
_aSA-JeALM _d251114 _umohamedma123 _n1 |
||
| 999 |
_c13314 _d13314 |
||